[Event "4NCL-9899A HH-BIG"]
[Site "Rd9-Birmingham"]
[Date "1999.05.01"]
[Round "9.3"]
[White "Tozer, Richard"]
[Black "Cooper, Lawrence"]
[Result "1/2-1/2"]
[WhiteElo "2305"]
[BlackElo "2325"]
[PlyCount "60"]
[EventDate "1999.05.01"]

1. d4 Nf6 2. c4 e6 3. Nc3 Bb4 4. Qc2 O-O 5. a3 Bxc3+ 6. Qxc3 Ne4 7. Qc2 f5 8.
Nf3 b6 9. g3 Bb7 10. Bg2 Nf6 11. d5 a5 12. O-O Na6 13. Nd4 Nc5 14. Bf4 Nh5 15.
Bd2 a4 16. Bb4 Qc8 17. Rad1 Nf6 18. Nb5 exd5 19. cxd5 d6 20. Nc3 Nfd7 21. Bh3
g6 22. e4 Ba6 23. Rfe1 Ne5 24. Bxc5 Nf3+ 25. Kg2 Nxe1+ 26. Rxe1 bxc5 27. exf5
gxf5 28. Re6 Qd7 29. Bxf5 Qg7 30. Re3 Bb7 1/2-1/2

[Event "4NCL-9899A HH-BIG"]
[Site "Rd9-Birmingham"]
[Date "1999.05.01"]
[Round "9.4"]
[White "Baker, Chris W"]
[Black "Mortazavi, Ali"]
[Result "1/2-1/2"]
[WhiteElo "2390"]
[BlackElo "2380"]
[PlyCount "111"]
[EventDate "1999.05.01"]

1. e4 c5 2. Nc3 e6 3. Nf3 d6 4. g3 Nf6 5. Bg2 Nc6 6. O-O Be7 7. d4 cxd4 8. Nxd4
Qc7 9. Ncb5 Qd7 10. c4 O-O 11. b3 a6 12. Nc3 Qc7 13. Bb2 Rb8 14. Rc1 Nxd4 15.
Qxd4 b6 16. Rfd1 Bb7 17. Qe3 Rfe8 18. Ne2 Ba8 19. Ba1 Red8 20. Nf4 Rbc8 21. h3
Qb8 22. e5 dxe5 23. Bxe5 Qa7 24. Bxa8 Rxa8 25. Bd4 Rab8 26. Rd3 Qb7 27. Rcd1
Qc6 28. Be5 Ra8 29. Rxd8+ Rxd8 30. Rxd8+ Bxd8 31. Bd4 Nd7 32. a4 Be7 33. Nd5
Bd8 34. Nb4 Qb7 35. Bc3 Nc5 36. Bd4 Be7 37. Nc2 Nd7 38. Qc3 f6 39. Qd3 e5 40.
Be3 Qc6 41. Qd2 Qe6 42. a5 bxa5 43. Qxa5 f5 44. Qc7 Nf6 45. Bg5 h6 {
(Draw offer)} 46. Bxf6 Bxf6 47. b4 f4 48. gxf4 Qxh3 49. Ne3 exf4 50. Qxf4 Bg5
51. Qf5 Qxf5 52. Nxf5 g6 53. Nd4 Kf7 54. b5 axb5 55. cxb5 Ke7 56. b6 1/2-1/2

[Event "4NCL-9899A HH-BIG"]
[Site "Rd9-Birmingham"]
[Date "1999.05.01"]
[Round "9.5"]
[White "Hassabis, Demis"]
[Black "Mason, Don"]
[Result "1/2-1/2"]
[WhiteElo "2176"]
[BlackElo "2295"]
[PlyCount "110"]
[EventDate "1999.05.01"]

1. c4 Nf6 2. Nc3 e5 3. g3 c6 4. Bg2 d5 5. d4 exd4 6. Qxd4 Be6 7. cxd5 cxd5 8.
Nf3 Nc6 9. Qa4 Bc5 10. O-O O-O 11. Nb5 Qd7 12. Bf4 Bh3 13. Rac1 Bxg2 14. Kxg2
Bb6 15. Rfd1 Rfe8 16. Nc3 h6 17. b4 Rad8 18. b5 Na5 19. Be5 Qf5 20. Bd4 Ne4 21.
Bxb6 axb6 22. Qd4 Nxc3 23. Rxc3 Nc4 24. Nd2 Nxd2 25. Rxd2 Qe4+ 26. Qxe4 Rxe4
27. Rcd3 Rb4 28. Rxd5 Rxd5 29. Rxd5 Rb2 30. Kf3 Rxa2 31. Rd8+ Kh7 32. Rd6 Ra3+
33. e3 Rc3 34. Rxb6 Rc7 35. Rd6 g6 36. Ke4 Kg7 37. h4 h5 38. Kd5 Kf8 39. Ke4
Ke7 40. Rd4 Rc2 41. f3 Rb2 42. Rd5 f6 43. Kf4 b6 44. g4 hxg4 45. fxg4 Rb1 46.
h5 gxh5 47. gxh5 Ke6 48. e4 Rh1 49. Kg3 Ke7 50. Kg4 Ke6 51. Rd3 Re1 52. Kf4 Rh1
53. Rc3 Rh4+ 54. Kg3 Rxh5 55. Rc6+ Ke5 1/2-1/2

[Event "4NCL-9899A HH-BIG"]
[Site "Rd9-Birmingham"]
[Date "1999.05.01"]
[Round "9.6"]
[White "Wheeler, D."]
[Black "Wade, Robert"]
[Result "1/2-1/2"]
[WhiteElo "2256"]
[BlackElo "2200"]
[PlyCount "49"]
[EventDate "1999.05.01"]

1. e4 d6 2. d4 Nf6 3. Nc3 c6 4. a4 Nbd7 5. f3 e5 6. d5 Be7 7. Be3 O-O 8. dxc6
bxc6 9. a5 Rb8 10. Ra2 a6 11. Bc4 d5 12. exd5 cxd5 13. Nxd5 Nxd5 14. Bxd5 Rb5
15. Ne2 Rxa5 16. O-O Rxa2 17. Bxa2 Qc7 18. Nc3 Nf6 19. Qe2 Bb7 20. Rd1 Bc5 21.
Qf2 Bxe3 22. Qxe3 h6 23. Bb3 Re8 24. h3 e4 25. fxe4 1/2-1/2

[Event "4NCL-9899A HH-BIG"]
[Site "Rd9-Birmingham"]
[Date "1999.05.01"]
[Round "9.7"]
[White "Harris, Costas"]
[Black "Regan, Natasha"]
[Result "1/2-1/2"]
[WhiteElo "2065"]
[BlackElo "2151"]
[PlyCount "61"]
[EventDate "1999.05.01"]

1. e4 Nf6 2. e5 Nd5 3. c4 Nb6 4. d4 d6 5. exd6 exd6 6. Nc3 Be7 7. Be2 O-O 8.
Nf3 Re8 9. O-O Bf6 10. Be3 Bf5 11. Rc1 Nc6 12. Qd2 d5 13. cxd5 Nb4 14. d6 c6
15. Bf4 N4d5 16. Nxd5 Nxd5 17. Be5 Bg4 18. Rc5 Nb6 19. Qf4 Bxe5 20. Rxe5 Be6
21. Bd3 Nd7 22. Rg5 Qf6 23. Qe4 Nf8 24. Qe5 Qxe5 25. dxe5 Bxa2 26. Re1 Nd7 27.
Re2 Bd5 28. Bf5 Rad8 29. Bxd7 Rxd7 30. Nd4 h6 31. Rg3 1/2-1/2

[Event "4NCL-9899A HH-BIG"]
[Site "Rd9-Birmingham"]
[Date "1999.05.01"]
[Round "9.8"]
[White "Thomas, Nick"]
[Black "Chevannes, Sabrina"]
[Result "1-0"]
[WhiteElo "2225"]
[BlackElo "1304"]
[PlyCount "79"]
[EventDate "1999.05.01"]

1. e4 c6 2. d4 d5 3. Nd2 dxe4 4. Nxe4 Nf6 5. Nxf6+ exf6 6. c3 Bd6 7. Bd3 Be6 8.
Ne2 Nd7 9. Bf4 Qc7 10. Bxd6 Qxd6 11. O-O O-O 12. Ng3 a6 13. Nf5 Qf4 14. g3 Qc7
15. Ne7+ Kh8 16. Bxh7 Qa5 17. d5 f5 18. dxe6 Nf6 19. Bxf5 Rfe8 20. b4 Qc7 21.
Nxc6 bxc6 22. exf7 Qxf7 23. Qd4 Rad8 24. Qh4+ Kg8 25. Bc2 Qh5 26. Qxh5 Nxh5 27.
Bg6 Re5 28. f4 Rb5 29. a4 Rbd5 30. c4 Rd4 31. Bxh5 Rxc4 32. Rab1 Rb8 33. Bf3
Kh8 34. Rfd1 Rc3 35. Be4 Rc4 36. Bg6 Rc3 37. Rd6 Rc4 38. Rbd1 Rg8 39. Rd8 Rxb4
40. Rxg8+ 1-0

[Event "4NCL-9899A RIC-BAR1"]
[Site "Rd9-Birmingham"]
[Date "1999.05.01"]
[Round "9.1"]
[White "Williams, Simon"]
[Black "Pert, Nicholas"]
[Result "1/2-1/2"]
[WhiteElo "2371"]
[BlackElo "2443"]
[PlyCount "71"]
[EventDate "1999.05.01"]

1. c4 e5 2. Nc3 Bb4 3. Nd5 Be7 4. d4 d6 5. e3 Nf6 6. Nxe7 Qxe7 7. Ne2 Bf5 8.
Ng3 Bg6 9. Be2 c5 10. d5 Ne4 11. Bd3 Nxg3 12. hxg3 Bxd3 13. Qxd3 e4 14. Qc2 Nd7
15. Bd2 f5 16. Bc3 {(Draw offer)} O-O 17. Ke2 a6 18. a4 Rab8 19. a5 b5 20. axb6
Rxb6 21. Ra2 Ne5 22. Bxe5 Qxe5 23. Qc3 Qxc3 24. bxc3 h6 25. Kd2 Kf7 26. Kc2
Rfb8 27. Rha1 Ke7 28. Kc1 Ra8 29. f3 exf3 30. gxf3 Kf6 31. Kc2 Ke5 {
(Draw offer)} 32. Kd3 Ra7 33. Rh1 Rab7 34. Re1 Kf6 35. e4 Re7 36. Rea1 1/2-1/2

[Event "4NCL-9899A RIC-BAR1"]
[Site "Rd9-Birmingham"]
[Date "1999.05.01"]
[Round "9.2"]
[White "Dishman, Stephen"]
[Black "Wall, Gavin"]
[Result "1/2-1/2"]
[WhiteElo "2365"]
[BlackElo "2369"]
[PlyCount "209"]
[EventDate "1999.05.01"]

1. d4 e6 2. Nf3 c5 3. c3 Nf6 4. Bf4 b6 5. e3 Be7 6. h3 O-O 7. Nbd2 cxd4 8. exd4
d6 9. Bd3 Nbd7 10. O-O Re8 11. Re1 Nf8 12. Bh2 Ng6 13. a4 a6 14. Qb3 Nh5 15.
Be4 Rb8 16. c4 Bd7 17. Rac1 Bf8 18. Bxg6 hxg6 19. Ne4 Qc7 20. Qa2 Qc6 21. b4
Ra8 22. Qb2 Bc8 23. b5 Qd7 24. c5 dxc5 25. dxc5 bxc5 26. Nxc5 Bxc5 27. Rxc5
axb5 28. Rc7 Qd8 29. axb5 Re7 30. b6 Bb7 31. Qc3 Nf6 32. Rxe7 Qxe7 33. Qc7 Nd5
34. Qxe7 Nxe7 35. Bc7 {(Draw offer)} Nd5 36. Nd4 Kf8 37. Rc1 Ke7 {(Draw offer)}
38. Nb5 Ba6 39. Ra1 Bb7 40. Rc1 Ba6 41. Na7 Kd7 42. Nc6 Bb7 43. Ne5+ Ke7 44.
Nc4 Ba6 45. Na5 f6 46. Nb3 Bc8 47. Nd4 Kd7 48. Rc6 Ke7 49. Bd6+ Kd7 50. Bc7 Ke7
51. Bd6+ Kd7 52. Bc5 Ra1+ 53. Kh2 e5 54. Rd6+ Ke8 55. Nc6 Nxb6 56. Rd8+ Kf7 57.
Bxb6 Bf5 58. Rb8 Be4 59. Nb4 Rb1 60. Be3 g5 61. f3 Bd3 62. Rb7+ Kg6 63. Rb6 Bf1
64. Nc6 Rxb6 65. Bxb6 Ba6 66. Kg3 Bb7 67. Ne7+ Kf7 68. Nf5 Bc6 69. Bc5 Bd7 70.
Nd6+ Kg6 71. Bb4 Bc6 72. Bc3 Bd7 73. Kf2 Bc6 74. Ke3 Bd7 75. Kd3 Be6 76. Bb2
Bd5 77. Nc4 Bb7 78. Ne3 Ba6+ 79. Kd2 Bb7 80. Kd3 Ba6+ 81. Nc4 Kf5 82. Bc1 Kg6
83. Kc3 Bb7 84. Be3 Bc6 85. Kb4 Bd7 86. Kc5 Ba4 87. Kd6 Bb5 88. Nd2 Kf7 89. Bc5
Bd3 90. Ba3 Bb5 91. Bb2 Bd3 92. Ba3 Bb5 93. Bc5 Bd3 94. Bf2 Be2 95. Be3 Bd3 96.
g4 Be2 97. Bf2 Bd1 98. h4 gxh4 99. Bxh4 Be2 100. Kd5 Bd3 101. Ne4 Be2 102. Nd6+
Kf8 103. Ke4 Bd1 104. Be1 Bc2+ 105. Ke3 {etc} 1/2-1/2

[Event "4NCL-9899A RIC-BAR1"]
[Site "Rd9-Birmingham"]
[Date "1999.05.01"]
[Round "9.3"]
[White "Bates, Richard"]
[Black "Pritchett, Craig"]
[Result "1-0"]
[WhiteElo "2373"]
[BlackElo "2325"]
[PlyCount "59"]
[EventDate "1999.05.01"]

1. e4 c5 2. Nf3 e6 3. d3 Nc6 4. g3 Nf6 5. Bg2 Be7 6. O-O O-O 7. Qe2 d6 8. c3
Bd7 9. a3 Rc8 10. b4 b6 11. Nbd2 Qc7 12. Bb2 Rfd8 13. b5 Ne5 14. Nxe5 dxe5 15.
c4 Ne8 16. f4 exf4 17. gxf4 a6 18. a4 Ra8 19. e5 Ra7 20. Bc3 Bc8 21. a5 axb5
22. cxb5 c4 23. Nxc4 Bb7 24. axb6 Bc5+ 25. Kh1 Bxb6 26. Rxa7 Bxg2+ 27. Qxg2
Qxa7 28. Qc6 Be3 29. b6 Qa2 30. Nxe3 1-0

[Event "4NCL-9899A RIC-BAR1"]
[Site "Rd9-Birmingham"]
[Date "1999.05.01"]
[Round "9.4"]
[White "Hansen, Carsten"]
[Black "Quinn, Mark"]
[Result "1/2-1/2"]
[WhiteElo "2310"]
[BlackElo "2346"]
[PlyCount "92"]
[EventDate "1999.05.01"]

1. d4 Nf6 2. c4 e6 3. Nf3 Nc6 4. Nc3 Bb4 5. Bg5 h6 6. Bh4 g5 7. Bg3 Ne4 8. Qd3
Bxc3+ 9. bxc3 Nxg3 10. hxg3 g4 11. Nd2 d6 12. e4 Qg5 13. Be2 f5 14. c5 dxc5 15.
d5 exd5 16. exd5 Ne5 17. Qb5+ Nd7 18. Qb3 a6 19. d6 cxd6 20. Nc4 Qe7 21. Rd1
Nf6 22. Nxd6+ Kf8 23. O-O Be6 24. Bc4 Rd8 25. Bxe6 Rxd6 26. Bxf5 Rxd1 27. Qxd1
Rg8 28. Re1 Qc7 29. Re6 Kf7 30. Qe2 Rg5 31. Bd3 Qd8 32. Bc4 Kf8 33. a4 Rf5 34.
Qc2 Rg5 35. Qc1 Kg7 36. Qb1 Qd7 37. Qe1 Qxa4 38. Re7+ Kh8 39. Qe6 Qa1+ 40. Bf1
Qxc3 41. Rxb7 a5 42. Ra7 Qe5 43. Ra8+ Kg7 44. Ra7+ Kh8 45. Ra8+ Kg7 46. Ra7+
Kh8 1/2-1/2

[Event "4NCL-9899A RIC-BAR1"]
[Site "Rd9-Birmingham"]
[Date "1999.05.01"]
[Round "9.5"]
[White "Trifunovic, Aleks"]
[Black "Rogers, Jonathan"]
[Result "0-1"]
[WhiteElo "2260"]
[BlackElo "2358"]
[PlyCount "72"]
[EventDate "1999.05.01"]

1. d4 f5 2. Nc3 Nf6 3. Bg5 d5 4. Bxf6 exf6 5. e3 c6 6. Bd3 Na6 7. a3 Bd6 8.
Nge2 Qe7 9. O-O Nc7 10. Nc1 O-O 11. Nb3 Kh8 12. Ne2 Bd7 13. c4 dxc4 14. Bxc4
Rad8 15. Nc3 Ne6 16. Qe2 Rfe8 17. Rad1 Ng5 18. Rfe1 Qf8 19. h4 Nf7 20. Bd3 Nh6
21. Bb1 g6 22. Nd2 Ng4 23. Nf3 Qh6 24. Qd3 g5 25. e4 gxh4 26. e5 fxe5 27. dxe5
Bc5 28. Re2 h3 29. Qd2 f4 30. g3 h2+ 31. Kh1 Be6 32. Qxd8 Rxd8 33. Rxd8+ Kg7
34. Nd4 Bxd4 35. Rxd4 Qh3 36. Rd1 f3 0-1

[Event "4NCL-9899A RIC-BAR1"]
[Site "Rd9-Birmingham"]
[Date "1999.05.01"]
[Round "9.6"]
[White "Lauterbach, Ingrid"]
[Black "Webb, Laurence"]
[Result "0-1"]
[WhiteElo "2171"]
[BlackElo "2216"]
[PlyCount "94"]
[EventDate "1999.05.01"]

1. Nf3 Nf6 2. g3 d5 3. Bg2 c6 4. O-O Bf5 5. d3 Nbd7 6. Nbd2 e5 7. Re1 Bc5 8. e4
dxe4 9. Nxe4 Bxe4 10. dxe4 Qb6 11. Qe2 Ng4 12. Rf1 Ndf6 13. Ne1 h5 14. Nd3 h4
15. gxh4 Bd6 16. h3 Nh6 17. Bg5 Nd7 18. Rad1 f6 19. Be3 Qc7 20. Qh5+ Nf7 21.
Qg4 O-O-O 22. Qe6 Rhf8 23. c4 Rde8 24. Qg4 Kb8 25. Qxg7 Nd8 26. c5 Be7 27. Qg4
f5 28. exf5 Nf6 29. Qg3 Nf7 30. Qg6 Nd5 31. Bg5 Bxg5 32. hxg5 Rg8 33. Qh7 Rh8
34. Qxh8 Rxh8 35. g6 Ng5 36. Rfe1 e4 37. Bxe4 Nxh3+ 38. Kf1 Nhf4 39. Nxf4 Qxf4
40. g7 Rg8 41. Bxd5 cxd5 42. Re7 Qg5 43. Rf7 Rxg7 44. Rf8+ Kc7 45. f6 Qg2+ 46.
Ke2 Qe4+ 47. Kf1 Rh7 0-1

[Event "4NCL-9899A RIC-BAR1"]
[Site "Rd9-Birmingham"]
[Date "1999.05.01"]
[Round "9.7"]
[White "Allicock, Rawle"]
[Black "Williamson, Paul"]
[Result "1/2-1/2"]
[WhiteElo "2232"]
[BlackElo "2170"]
[PlyCount "79"]
[EventDate "1999.05.01"]

1. d4 Nf6 2. c4 g6 3. Nc3 d5 4. Bf4 Bg7 5. e3 c6 6. cxd5 Nxd5 7. Nxd5 cxd5 8.
Nf3 Qa5+ 9. Qd2 Qxd2+ 10. Kxd2 Nc6 11. Bb5 Bd7 12. Rhc1 O-O 13. Rc5 e6 14. Rac1
Rfc8 15. a3 Bf8 16. R5c3 f6 17. h4 a6 18. Be2 Na5 19. b4 Rxc3 20. Rxc3 Nc6 21.
g4 Rc8 22. g5 f5 23. Kc2 Ne7 24. Ne5 Ba4+ 25. Kb2 Rxc3 26. Kxc3 Nc8 27. Nd3 Bb5
28. h5 Nd6 29. Bxd6 Bxd6 30. f4 Bxd3 31. Kxd3 b6 32. Kc3 a5 33. h6 axb4+ 34.
axb4 Kf7 35. Ba6 Ke7 36. Bc8 Kf7 37. Kb3 Bf8 38. Ka4 Bd6 39. Kb5 Bf8 40. Bd7
1/2-1/2

[Event "4NCL-9899A RIC-BAR1"]
[Site "Rd9-Birmingham"]
[Date "1999.05.01"]
[Round "9.8"]
[White "D'Costa, Lorin"]
[Black "Bates, Ruth"]
[Result "1-0"]
[WhiteElo "1972"]
[BlackElo "2015"]
[PlyCount "95"]
[EventDate "1999.05.01"]

1. e4 g6 2. d4 Bg7 3. Nc3 c6 4. Be3 d6 5. Qd2 Nf6 6. f3 O-O 7. Bh6 e5 8. Nge2
Nbd7 9. O-O-O Re8 10. Kb1 b5 11. dxe5 dxe5 12. Nc1 Qe7 13. h4 Bxh6 14. Qxh6 Qf8
15. Qg5 h6 16. Qe3 Nh5 17. N3e2 Nb6 18. g4 Nc4 19. Qg1 Ng7 20. Ng3 Qb4 21. Nd3
Qa5 22. Rh2 Be6 23. b3 Na3+ 24. Kb2 b4 25. Qc5 Qxc5 26. Nxc5 a5 27. c4 Kf8 28.
h5 g5 29. Rd6 Rec8 30. Rhd2 Ke7 31. Nf5+ Bxf5 32. exf5 Ne8 33. Rd7+ Kf6 34.
Ne4+ Kg7 35. f6+ Nxf6 36. Nxf6 Kxf6 37. R2d6+ Kg7 38. Rg6+ Kf8 39. Rf6 Rd8 40.
Rfxf7+ Kg8 41. Bd3 Rxd7 42. Rxd7 c5 43. Be4 Rc8 44. Kc1 a4 45. Kd2 axb3 46.
axb3 Kf8 47. Ke3 Ke8 48. Rh7 1-0

[Event "4NCL-9899A WES-SL"]
[Site "Rd9-Birmingham"]
[Date "1999.05.01"]
[Round "9.2"]
[White "Miles, Anthony"]
[Black "Rossiter, Philip"]
[Result "1/2-1/2"]
[WhiteElo "2609"]
[BlackElo "2368"]
[PlyCount "60"]
[EventDate "1999.05.01"]

1. c4 e5 2. Nc3 Nc6 3. g3 Bb4 4. Nd5 Nf6 5. Bg2 O-O 6. a3 Bc5 7. b4 Bd4 8. Rb1
d6 9. e3 Bb6 10. Ne2 Bg4 11. O-O Nxd5 12. cxd5 Ne7 13. Bb2 f5 14. Kh1 Bh5 15.
Qe1 Qd7 16. Nc3 f4 17. gxf4 exf4 18. Rg1 Ng6 19. Ne4 Qf5 20. d3 Rae8 21. Qc3
Re7 22. Nd2 Ref7 23. e4 Qd7 24. d4 f3 25. Bxf3 Bxd4 26. Qb3 Rxf3 27. Nxf3 Bxb2
28. Rxb2 Qh3 29. Rg3 Qf1+ 30. Rg1 Qh3 1/2-1/2

[Event "4NCL-9899A WES-SL"]
[Site "Rd9-Birmingham"]
[Date "1999.05.01"]
[Round "9.3"]
[White "Simons, Martin"]
[Black "Wells, Peter"]
[Result "1/2-1/2"]
[WhiteElo "2233"]
[BlackElo "2492"]
[PlyCount "56"]
[EventDate "1999.05.01"]

1. e4 c5 2. d3 Nc6 3. g3 d5 4. Nd2 g6 5. Bg2 e6 6. Ngf3 Bg7 7. O-O Nge7 8. exd5
exd5 9. d4 cxd4 10. Nb3 d3 11. Qxd3 O-O 12. c3 a5 13. Nbd4 Nf5 14. Nxf5 Bxf5
15. Qb5 d4 16. cxd4 Nxd4 17. Nxd4 Qxd4 18. Qxb7 Rab8 19. Qd5 a4 20. Qxd4 Bxd4
21. Bh6 Rfd8 22. Rad1 Bg4 23. Rd2 Rxb2 24. a3 Rxd2 25. Bxd2 Bc5 26. Bc1 Rd3 27.
Bc6 Bd7 28. Be4 Rb3 1/2-1/2

[Event "4NCL-9899A WES-SL"]
[Site "Rd9-Birmingham"]
[Date "1999.05.01"]
[Round "9.5"]
[White "Yeo, Michael"]
[Black "Lawton, Geoff"]
[Result "0-1"]
[WhiteElo "2205"]
[BlackElo "2370"]
[PlyCount "90"]
[EventDate "1999.05.01"]

1. e4 c5 2. Nf3 Nc6 3. d4 cxd4 4. Nxd4 Nf6 5. Nc3 e5 6. Ndb5 d6 7. Bg5 a6 8.
Na3 b5 9. Bxf6 gxf6 10. Nd5 f5 11. Nxb5 axb5 12. Bxb5 Bd7 13. exf5 Rb8 14. a4
Qg5 15. O-O Rg8 16. g3 Qxf5 17. Ra3 Nd4 18. f4 Bg7 19. fxe5 Qe4 20. Nf6+ Bxf6
21. Re1 Qg4 22. exf6+ Kd8 23. Bxd7 Kxd7 24. Re7+ Kd8 25. Qd2 Rg5 26. Rae3 Rd5
27. Re8+ Kc7 28. R8e7+ Kd8 29. Re8+ Kc7 30. R8e7+ Kc6 31. Rc3+ Rc5 32. Rxc5+
dxc5 33. Qd3 Kd6 34. b3 c4 35. bxc4 Rb1+ 36. Kg2 Rd1 37. c5+ Kd5 38. c4+ Kxc5
39. Qc3 Nc6 40. Qe3+ Nd4 41. a5 Kxc4 42. h3 Qc8 43. Rxf7 Qa8+ 44. Kf2 Qxa5 45.
g4 Rd2+ 0-1

[Event "4NCL-9899A WES-SL"]
[Site "Rd9-Birmingham"]
[Date "1999.05.01"]
[Round "9.6"]
[White "Smith, Andrew P"]
[Black "Upton, Ian"]
[Result "0-1"]
[WhiteElo "2274"]
[BlackElo "2225"]
[PlyCount "74"]
[EventDate "1999.05.01"]

1. e4 e6 2. d4 d5 3. Nc3 dxe4 4. Nxe4 Nd7 5. Nf3 Ngf6 6. Nxf6+ Nxf6 7. Bg5 h6
8. Bh4 Be7 9. Bd3 c5 10. dxc5 Qa5+ 11. c3 Qxc5 12. O-O O-O 13. Qe2 Rd8 14. Ne5
Bd7 15. Nxd7 Rxd7 16. Bb5 Rd5 17. c4 Rd4 18. Bxf6 Bxf6 19. Rac1 Rad8 20. Rc2 a6
21. Ba4 Qb4 22. Bb3 Rd2 23. Qe1 b6 24. g3 a5 25. a3 Qd6 26. Qc1 Qd4 27. Rc3
Rxb2 28. Qxb2 Qxc3 29. Qxc3 Bxc3 30. Rd1 Rxd1+ 31. Bxd1 f5 32. h4 g6 33. Kf1
Kf7 34. Ke2 Bd4 35. f4 Ke7 36. Kf3 Bf6 37. Ba4 Bb2 {time} 0-1

[Event "4NCL-9899A WES-SL"]
[Site "Rd9-Birmingham"]
[Date "1999.05.01"]
[Round "9.8"]
[White "Tucker, Alex"]
[Black "Howard, Emily"]
[Result "1/2-1/2"]
[WhiteElo "2215"]
[BlackElo "2047"]
[PlyCount "38"]
[EventDate "1999.05.01"]

1. d4 Nf6 2. c4 e6 3. Nf3 b6 4. g3 Bb7 5. Bg2 c5 6. O-O d5 7. cxd5 Nxd5 8. Ne5
Nd7 9. Nxd7 Qxd7 10. a3 cxd4 11. Qxd4 Rd8 12. Nc3 Nxc3 13. Qxc3 Bxg2 14. Kxg2
Qd5+ 15. Kg1 Qc5 16. Qb3 Qd5 17. Qa4+ Qd7 18. Qxd7+ Rxd7 19. Be3 Be7 1/2-1/2

[Event "4NCL-9899A WG-BR"]
[Site "Rd9-Birmingham"]
[Date "1999.05.01"]
[Round "9.1"]
[White "Emms, John"]
[Black "Ansell, Simon"]
[Result "1-0"]
[WhiteElo "2573"]
[BlackElo "2400"]
[PlyCount "77"]
[EventDate "1999.05.01"]

1. e4 c5 2. c3 d5 3. exd5 Qxd5 4. d4 Nf6 5. Nf3 g6 6. Qb3 Be6 7. c4 Qd7 8. d5
Bf5 9. Nc3 Bg7 10. Be2 O-O 11. O-O Qc7 12. Nb5 Qb6 13. Bf4 Na6 14. Rfe1 Rfe8
15. Bf1 Rac8 16. h3 h6 17. Rac1 g5 18. Bh2 Bd7 19. Ne5 Bf5 20. Bd3 Bxd3 21.
Nxd3 Nb8 22. Nc7 Qxb3 23. axb3 Red8 24. Nxc5 b6 25. N5a6 Nxa6 26. Nxa6 e6 27.
dxe6 fxe6 28. Rxe6 Rd2 29. Rce1 Nd7 30. Rd6 Bd4 31. Kh1 Nc5 32. Nxc5 bxc5 33.
Bg3 Rf8 34. Rxh6 Bxf2 35. Bxf2 Rfxf2 36. Rg6+ Kh7 37. Rxg5 Rxb2 38. Re4 Kh6 39.
Rg8 1-0

[Event "4NCL-9899A WG-BR"]
[Site "Rd9-Birmingham"]
[Date "1999.05.01"]
[Round "9.3"]
[White "Ward, Chris"]
[Black "Beaumont, Chris"]
[Result "1/2-1/2"]
[WhiteElo "2482"]
[BlackElo "2298"]
[PlyCount "54"]
[EventDate "1999.05.01"]

1. d4 Nf6 2. c4 g6 3. f3 d5 4. cxd5 Nxd5 5. e4 Nb6 6. Nc3 Bg7 7. Be3 O-O 8. Qd2
Nc6 9. O-O-O e5 10. d5 Nd4 11. f4 Bg4 12. Re1 c5 13. fxe5 Bxe5 14. h3 Qh4 15.
Bf2 Qh5 16. Kb1 Bg7 17. Qf4 Bd7 18. Nf3 Rfe8 19. Nxd4 cxd4 20. Be2 Qe5 21. Qxe5
Bxe5 22. Nb5 f5 23. Nxd4 fxe4 24. Nc2 Kg7 25. Bg4 Bxg4 26. hxg4 Nxd5 27. Rxe4
Nf6 1/2-1/2

[Event "4NCL-9899A WG-BR"]
[Site "Rd9-Birmingham"]
[Date "1999.05.01"]
[Round "9.4"]
[White "Burgess, Graham"]
[Black "Levitt, Jon"]
[Result "1-0"]
[WhiteElo "2290"]
[BlackElo "2427"]
[PlyCount "77"]
[EventDate "1999.05.01"]

1. d4 Nf6 2. Nf3 d5 3. c4 dxc4 4. e3 e6 5. Bxc4 c5 6. O-O a6 7. e4 b5 8. Bd3
Bb7 9. e5 Nd5 10. Nbd2 c4 11. Bb1 Nd7 12. Ne4 h6 13. Re1 Qb6 14. a4 Be7 15. a5
Qc7 16. Nfd2 O-O-O 17. Qf3 Rdf8 18. Qg3 Kb8 19. Nf3 g5 20. Nc3 f5 21. exf6 Qxg3
22. hxg3 Rxf6 23. Be4 Bd6 24. Nh2 Rff8 25. Bf3 Re8 26. Ng4 Nb4 27. Bxb7 Kxb7
28. Re2 Nd3 29. Ne4 Be7 30. f3 h5 31. Ngf2 Nxc1 32. Rxc1 Rhg8 33. Nh3 Rg6 34.
f4 g4 35. Nhg5 Bb4 36. Rd1 Kc6 37. Nxe6 Bxa5 38. d5+ Kb7 39. Nd6+ 1-0

[Event "4NCL-9899A WG-BR"]
[Site "Rd9-Birmingham"]
[Date "1999.05.01"]
[Round "9.5"]
[White "Littlewood, Paul"]
[Black "Cobb, Charles"]
[Result "1/2-1/2"]
[WhiteElo "2430"]
[BlackElo "2275"]
[PlyCount "91"]
[EventDate "1999.05.01"]

1. d4 e6 2. Nf3 d5 3. c4 c6 4. Nc3 dxc4 5. e3 b5 6. a4 Bb4 7. Bd2 a5 8. axb5
Bxc3 9. Bxc3 cxb5 10. b3 Bb7 11. bxc4 b4 12. Bb2 Nf6 13. Bd3 Nbd7 14. O-O O-O
15. Nd2 Nc5 16. Bc2 Nce4 17. Nxe4 Bxe4 18. Ba4 Qc7 19. Qe2 Rfc8 20. c5 Bc6 21.
Rfc1 Nd7 22. Qd1 Bd5 23. f3 f5 24. Bb5 Nf6 25. Qd3 Qb7 26. Ra4 Ra7 27. Rca1
Rca8 28. Bc1 g5 29. Bc4 g4 30. Bxd5 Qxd5 31. Kf2 gxf3 32. gxf3 Qd8 33. Bd2 Nd5
34. Rg1+ Rg7 35. Rg3 Qh4 36. Kg2 Kh8 37. Qb1 Rag8 38. Qe1 f4 39. exf4 Nxf4+ 40.
Bxf4 Qxf4 41. Rxa5 Qxd4 42. Rb5 Qb2+ 43. Qf2 Qc3 44. c6 Qxc6 45. Rxb4 Qc3 46.
Re4 1/2-1/2

[Event "4NCL-9899A WG-BR"]
[Site "Rd9-Birmingham"]
[Date "1999.05.01"]
[Round "9.6"]
[White "Collier, David"]
[Black "Pein, Malcolm"]
[Result "0-1"]
[WhiteElo "2245"]
[BlackElo "2425"]
[PlyCount "68"]
[EventDate "1999.05.01"]

1. d4 Nf6 2. Bg5 e6 3. e3 c5 4. Nf3 h6 5. Bh4 Nc6 6. Nbd2 g5 7. Bg3 Nh5 8. c3
d5 9. Bd3 Qb6 10. Be5 Nxe5 11. Nxe5 Nf6 12. O-O c4 13. Bc2 Qxb2 14. Ba4+ Ke7
15. e4 Qxc3 16. exd5 Qxd4 17. d6+ Qxd6 18. Nexc4 Qd4 19. Qf3 Nd5 20. Rae1 Qc5
21. Ne5 Rh7 22. Rc1 Qb4 23. Qd3 Bg7 24. Rc4 Qb2 25. Nef3 Rh8 26. Rc2 Qb4 27.
Rc4 Qb2 28. Bb3 Rd8 29. Rb1 Qa3 30. Ne4 Kf8 31. Nc5 b6 32. Ne4 Ba6 33. Qc2 Bxc4
34. Bxc4 Rac8 0-1

[Event "4NCL-9899A WG-BR"]
[Site "Rd9-Birmingham"]
[Date "1999.05.01"]
[Round "9.7"]
[White "Sowray, Peter"]
[Black "McFarland, Robert"]
[Result "1-0"]
[WhiteElo "2336"]
[BlackElo "2257"]
[PlyCount "65"]
[EventDate "1999.05.01"]

1. e4 g6 2. Nc3 Bg7 3. g3 c5 4. Bg2 Nc6 5. d3 d6 6. f4 Nh6 7. Nf3 f5 8. O-O O-O
9. h3 Nf7 10. Be3 Nd4 11. Qd2 Rb8 12. Nh4 b5 13. Nd1 b4 14. c3 bxc3 15. bxc3
Nb5 16. a4 Nc7 17. exf5 gxf5 18. d4 Na6 19. Nf2 Qa5 20. g4 Rb3 21. Rfc1 fxg4
22. hxg4 e6 {(Draw offer)} 23. Be4 cxd4 24. Bxd4 Bxd4 25. Qxd4 Nc5 26. Bc2 e5
27. fxe5 dxe5 28. Qe3 Rb7 29. Rab1 Rxb1 30. Rxb1 Qc7 31. Rb5 Ne6 32. Ne4 Nfg5
33. Nxg5 1-0

[Event "4NCL-9899A WG-BR"]
[Site "Rd9-Birmingham"]
[Date "1999.05.01"]
[Round "9.8"]
[White "Buckley, Melanie"]
[Black "Jackson, Sheila"]
[Result "1/2-1/2"]
[WhiteElo "2055"]
[BlackElo "2168"]
[PlyCount "40"]
[EventDate "1999.05.01"]

1. e4 e5 2. Bc4 Nf6 3. d3 Bc5 4. Nf3 Nc6 5. Nc3 d6 6. Bg5 h6 7. Bxf6 Qxf6 8.
Nd5 Qd8 9. c3 a6 10. a4 O-O 11. O-O Bg4 12. b4 Ba7 13. b5 Na5 14. bxa6 bxa6 15.
Ba2 c6 16. Ne3 Be6 17. Qc2 Qf6 18. Rab1 Rfb8 19. Rxb8+ Rxb8 20. Rb1 Rxb1+
1/2-1/2

[Event "4NCL-9899A BAR1-BR"]
[Site "Rd10-Birmingham"]
[Date "1999.05.02"]
[Round "10.2"]
[White "Beaumont, Chris"]
[Black "Kopec, Danny"]
[Result "1/2-1/2"]
[WhiteElo "2298"]
[BlackElo "2392"]
[PlyCount "146"]
[EventDate "1999.05.02"]

1. Nf3 f5 2. d4 Nf6 3. g3 e6 4. Bg2 d5 5. O-O Bd6 6. c4 c6 7. Nbd2 Nbd7 8. Qc2
O-O 9. Ne1 Ng4 10. Nd3 Qe8 11. Nf3 dxc4 12. Qxc4 Nb6 13. Qb3 Nd5 14. Nf4 b6 15.
Re1 Ngf6 16. Nxd5 cxd5 17. Bd2 Ne4 18. Bb4 Bxb4 19. Qxb4 f4 20. Rac1 Ba6 21.
Rc7 fxg3 22. fxg3 Rf7 23. Rxf7 Qxf7 24. Qa4 Bc4 25. b3 Bxe2 26. Rxe2 Nc3 27.
Qa6 Nxe2+ 28. Qxe2 Qf5 29. h4 h6 30. Qe5 Rc8 31. Qxf5 exf5 32. Ne1 Kf8 33. Bxd5
Rd8 34. Be6 Rxd4 35. Bxf5 Rd2 36. a4 Ke7 37. Kf1 Kd6 38. Bd3 Kc5 39. Bc4 Kb4
40. Nd3+ Kc3 41. Nf4 g5 42. hxg5 hxg5 43. Nh3 Kd4 44. Nxg5 Ke3 45. Nf7 Kf3 46.
Ke1 Rh2 47. Ne5+ Kxg3 48. Nc6 Rh7 49. Kd2 Rc7 50. Nd4 Kf2 51. Kc3 Ke3 52. Ne6
Rd7 53. Kb4 Ke4 54. Kb5 Ke5 55. Kc6 Re7 56. Nc7 Rg7 57. Nb5 Rh7 58. Nxa7 Rxa7
59. Kxb6 Rh7 60. Bb5 Kd4 61. Bc4 Rh6+ 62. Kb5 Rh5+ 63. Kb4 Rh8 64. a5 Rb8+ 65.
Bb5 Rb7 66. a6 Ra7 67. Ka5 Kc3 68. Bc4 Rh7 69. Ka4 Rh2 70. Kb5 Rh5+ 71. Ka4 Rh2
72. Be6 Re2 73. Bd5 Rd2 1/2-1/2